<?xml version="1.0" encoding="UTF-8"?>
<collection xmlns="http://www.loc.gov/MARC21/slim">
<record>
  <controlfield tag="001">312073</controlfield>
  <controlfield tag="005">20240928181630.0</controlfield>
  <datafield tag="035" ind1=" " ind2=" ">
    <subfield code="a">G:(GEPRIS)73336379</subfield>
  </datafield>
  <datafield tag="024" ind1="7" ind2=" ">
    <subfield code="a">G:(GEPRIS)73336379</subfield>
    <subfield code="d">73336379</subfield>
  </datafield>
  <datafield tag="040" ind1=" " ind2=" ">
    <subfield code="a">GEPRIS</subfield>
    <subfield code="c">http://gepris.its.kfa-juelich.de</subfield>
  </datafield>
  <datafield tag="150" ind1=" " ind2=" ">
    <subfield code="a">The four-component two-particle propagator for the calculation of double ionization spectra and elektron decay processes of systems with heavy elements</subfield>
    <subfield code="y">2008 - 2012</subfield>
  </datafield>
  <datafield tag="371" ind1=" " ind2=" ">
    <subfield code="a">Privatdozent Dr. Markus Pernpointner</subfield>
  </datafield>
  <datafield tag="450" ind1=" " ind2=" ">
    <subfield code="a">DFG project G:(GEPRIS)73336379</subfield>
    <subfield code="w">d</subfield>
    <subfield code="y">2008 - 2012</subfield>
  </datafield>
  <datafield tag="510" ind1="1" ind2=" ">
    <subfield code="a">Deutsche Forschungsgemeinschaft</subfield>
    <subfield code="0">I:(DE-588b)2007744-0</subfield>
    <subfield code="b">DFG</subfield>
  </datafield>
  <datafield tag="680" ind1=" " ind2=" ">
    <subfield code="a">The experimental measurement and theoretical description of double ionization processes and electronic decay mechanisms is an intensive field of research. Whereas considerable insight in the mechanisms could already be gained for light molecules the current methodology is inadequate for the correct description of heavy systems due to the strong interplay of relativistic effects and electron correlation. We therefore set out from the two-particle propagator in the fully four-component framework together with a two-hole population analysis which is able to provide detailed spectral information and final state characterization for the doubly ionized species. This new method treats scalar relativistic, spin-orbit and electron correlation effects on a consistent basis and will be applied to rare gas and hevay metal/rare gas clusters, halogen compounds and iodine-containing molecules. Unresolved experimental issues will hereby be clarified and the effect of relativity on electronic decay processes such as intermolecular Coulombic decay studied in detail. Together with the already available four-component one-particle propagator the new method will provide a powerful tool for the computation of double ionization spectra of heavy systems not accessible so far.</subfield>
  </datafield>
  <datafield tag="909" ind1="C" ind2="O">
    <subfield code="o">oai:juser.fz-juelich.de:978948</subfield>
    <subfield code="p">authority:GRANT</subfield>
    <subfield code="p">authority</subfield>
  </datafield>
  <datafield tag="980" ind1=" " ind2=" ">
    <subfield code="a">G</subfield>
  </datafield>
  <datafield tag="980" ind1=" " ind2=" ">
    <subfield code="a">AUTHORITY</subfield>
  </datafield>
  <datafield tag="909" ind1="C" ind2="O">
    <subfield code="o">oai:juser.fz-juelich.de:978948</subfield>
  </datafield>
</record>
</collection>